<?xml version="1.0" encoding="UTF-8"?><?xml-stylesheet type="text/xsl" href="static/style.xsl"?><OAI-PMH xmlns="http://www.openarchives.org/OAI/2.0/" xmlns:xsi="http://www.w3.org/2001/XMLSchema-instance" xsi:schemaLocation="http://www.openarchives.org/OAI/2.0/ http://www.openarchives.org/OAI/2.0/OAI-PMH.xsd"><responseDate>2026-06-06T02:26:21Z</responseDate><request verb="GetRecord" identifier="oai:riuma.uma.es:10630/28399" metadataPrefix="marc">https://riuma.uma.es/rest/oai/request</request><GetRecord><record><header><identifier>oai:riuma.uma.es:10630/28399</identifier><datestamp>2026-02-03T10:28:06Z</datestamp><setSpec>com_10630_1685</setSpec><setSpec>col_10630_38056</setSpec></header><metadata><record xmlns="http://www.loc.gov/MARC21/slim" xmlns:dcterms="http://purl.org/dc/terms/" xmlns:doc="http://www.lyncode.com/xoai" xmlns:xsi="http://www.w3.org/2001/XMLSchema-instance" xsi:schemaLocation="http://www.loc.gov/MARC21/slim http://www.loc.gov/standards/marcxml/schema/MARC21slim.xsd">
   <leader>00925njm 22002777a 4500</leader>
   <datafield ind2=" " ind1=" " tag="042">
      <subfield code="a">dc</subfield>
   </datafield>
   <datafield ind2=" " ind1=" " tag="720">
      <subfield code="a">Mata Guerrero, María Aroa</subfield>
      <subfield code="e">author</subfield>
   </datafield>
   <datafield ind2=" " ind1=" " tag="260">
      <subfield code="c">2023</subfield>
   </datafield>
   <datafield ind2=" " ind1=" " tag="520">
      <subfield code="a">En los últimos años, y más recientemente a partir de la pandemia mundial sufrida,&#xd;
se ha puesto de manifiesto la importancia de la implementación de las nuevas&#xd;
tecnologías en los aeropuertos para aligerar procesos, así como mejorar el tránsito&#xd;
de los pasajeros por estos con el objetivo de aumentar la satisfacción final.&#xd;
Es por ello por lo que en este trabajo se va a investigar en primer lugar las&#xd;
tecnologías que se están aplicando actualmente en los aeropuertos, diferenciando&#xd;
cuales son utilizadas por los pasajeros y cuales por el personal, teniendo ambas un&#xd;
objetivo común que es la satisfacción del pasajero.&#xd;
En segundo lugar, procederemos a una investigación sobre intención de uso de&#xd;
estas tecnologías y en el caso de las respuestas positivas como afectan estas a la&#xd;
satisfacción final del cliente. Para ello utilizaremos el modelo UTAUT-2 para el diseño&#xd;
del cuestionario.&#xd;
Con las respuestas obtenidas se realizará un análisis con el Programa SMART PLS&#xd;
con el que se creará un modelo de ecuaciones estructurales para dar respuesta las&#xd;
hipótesis planteadas.&#xd;
En términos generales los resultados nos muestran que dichas tecnologías tienen&#xd;
que ser fáciles de utilizar, accesibles y su uso está igualmente condicionado por el&#xd;
hábito que tenga el pasajero a la utilización de tecnologías en su vida diaria. Por otro&#xd;
lado a pesar de que se pudiese pensar que existía relación la influencia social no tiene&#xd;
relación respecto a la intención de comportamiento.</subfield>
   </datafield>
   <datafield ind1="8" ind2=" " tag="024">
      <subfield code="a">https://hdl.handle.net/10630/28399</subfield>
   </datafield>
   <datafield tag="653" ind2=" " ind1=" ">
      <subfield code="a">Turismo electrónico</subfield>
   </datafield>
   <datafield tag="653" ind2=" " ind1=" ">
      <subfield code="a">Aeropuertos - Innovaciones tecnológicas</subfield>
   </datafield>
   <datafield ind2="0" ind1="0" tag="245">
      <subfield code="a">La satisfacción del cliente y su relación con las nuevas tecnologías en los aeropuertos</subfield>
   </datafield>
</record>
</metadata></record></GetRecord></OAI-PMH>